Bilecik Bilecik Bilecik Bilecik Bilecik

Osmanlı belgelerinde Suriye/ (Record no. 46008)

MARC details
000 -BAŞLIK
Sabit Uzunluktaki Kontrol Alanı 01177nam a22003017a 4500
001 - KONTROL NUMARASI
Control Dosyası 0046041
003 - KONTROL NUMARASI KİMLİĞİ
Kontrol Alanı KOHA_MİRAKIL
005 - EN SON İŞLEM TARİHİ ve ZAMANI
Kontrol Alanı 20260207003505.0
007 - FİZİKSEL TANIM SABİT ALAN - GENEL BİLGİ
Sabit uzunluklu kontrol alanı ta
008 - SABİT UZUNLUKTAKİ VERİ ÖGELERİ - GENEL BİLGİ
Sabit Alan 140731b2013 tu a|||gr||||#||||0|tur |
020 ## - ISBN - ULUSLARARASI STANDART KİTAP NUMARASI
Isbn 9789751958938
040 ## - KATALOGLAMA KAYNAĞI
Özgün Kataloglama Kurumu TR-BiSEU
Kataloglama Dili tur
Çeviri Kurumu TR-BiSEU
Açıklama Kuralları rda
041 0# - DİL KODU
Metin ya da ses kaydının dil kodu tur
-- ota
044 ## - YAYINLAYAN/ÜRETEN KURULUŞUN ÜLKE KODU
ISO country code tu
050 ## - SINIFLAMA ve YER NUMARASI
Sınıflama Numarası DS97.5
Yer Numarası .O86 2013
245 0# - ESER ADI BİLDİRİMİ
Başlık Osmanlı belgelerinde Suriye/
Sorumluluk Bildirimi yayın komisyonu Muzaffer Albayrak, Kemal Gurulkan, Yusuf İhsan Genç, Uğurhan Demirbaş, Abdullah Sivridağ, Yılmaz Karaca, Ersin Kırca; arapça tercüme Salih Sadawi.
264 #1 - ÜRERİM, YAYIN, DAĞITIM ve TELİF BİLDİRİMİ
Yayın yeri İstanbul :
Yayınlayan Başbakanlık Devlet Arşivleri Genel Müdürlüğü
Yayın tarihi 2013
300 ## - FİZİKSEL TANIMLAMA
Sayfa, Cilt vb. 484 sayfa :
Diğer fiziki detaylar resimli; 30 cm.
336 ## - İÇERİK TÜRÜ
Content type term metin
Content type code txt
Source rdacontent
337 ## - MEDYA TÜRÜ
Media type term aracısız
Media type code n
Source rdamedia
338 ## - TAŞIYICI TÜRÜ
Carrier type term cilt
Carrier type code nc
Source rdacarrier
490 1# - DİZİ BİLDİRİMİ
Dizi Bildirimi Osmanlı Arşivi Daire Başkanlığı Yayın No ;
Cilt Numarası 129.
500 ## - GENEL NOT
Genel Not Dizin var.
650 #0 - KONU BAŞLIĞI EK GİRİŞ - KONU TERİMİ
Konusal terim veya coğrafi ad Suriye--Tarih--Osmanlı Dönemi, 1516-1918--Kaynaklar.
9 (RLIN) 84722
650 #0 - KONU BAŞLIĞI EK GİRİŞ - KONU TERİMİ
Konusal terim veya coğrafi ad Syria--History--Ottoman Period, 1516-1918--Sources.
9 (RLIN) 84723
830 1# - SERİ EK GİRİŞİ - TEKBİÇİM ESER ADI
Tekbiçim Başlık Osmanlı Arşivi Daire Başkanlığı Yayın No ;
Volume number/sequential designation 129.
9 (RLIN) 37071
942 ## - EK GİRİŞ ÖGELERİ (KOHA)
Source of classification or shelving scheme Library of Congress Classification
Koha item type Book
Holdings
Materyal Türü Kalıcı Konum Mevcut Konum Raf Yeri Sınıflandırma Kaynağı Edinim Bilgisi Ana Konular Alt Konular Yer Numarası Demirbaş Numarası Fatura Tarihi Geri Çekilme Durumu Kayıp Durumu Hasarlı Durumu Kredi için değil Kayıt Tarih Toplam Ödünçverme Son Görülme Tarihi Son Kontrol Tarihi Genel / Bağış Notu
Book Prof. Dr. Azmi Özcan Kütüphanesi Prof. Dr. Azmi Özcan Kütüphanesi Uluğbey Salonu Library of Congress Classification Bağış DÜNYA TARİHİ (AVRUPA, ASYA, AFRİKA VB.) Asya DS97.5 .O86 2013 0046041 02/02/2026         31/07/2014   05/12/2024 05/12/2024 Genel Bağış